00616nam a22001697a 4500003000900000008004100009040007100050082002200121100002900143245007100172260005100243300002400294505007100318650001200389650001000401710003500411AR-CdUCM190408b ||||| |||| 00| 0 spa d aMUNICIPALIDAD PROVINCIAL DEL CUSCOcBIBLIOTECA MUNICIPAL DEL CUSCO aTS / 340.4 /bG88 aGuerra i Guerra, Alfredo aLa responsabilidad civil del abogado en el "contrato de defensa" / aCusco :bUniversidad nacional del Cuscoc1965. a158 hojas ;c29 cm. aContenido: La defensa en juicio -- La responsabilidad del abogado. aDerecho aTesis aUniversidad Nacional del Cusco